| 000 | 00650cam a2200193 4500500 | ||
|---|---|---|---|
| 005 | 20251012020308.0 | ||
| 041 | _afre | ||
| 042 | _adc | ||
| 100 | 1 | 0 |
_aCoisne, Sylvie _eauthor |
| 700 | 1 | 0 |
_a Dereix, Charles _eauthor |
| 700 | 1 | 0 |
_a Lecocq, Franck _eauthor |
| 700 | 1 | 0 |
_a Piermont, Laurent _eauthor |
| 700 | 1 | 0 |
_a Sainte-Marie, Geneviève de _eauthor |
| 245 | 0 | 0 | _aPages de début |
| 260 | _c2020. | ||
| 500 | _a39 | ||
| 786 | 0 | _nPCM – Pour Construire un Monde durable | 903 | 3 | 2020-07-07 | p. 1-1 | 1958-7198 | |
| 856 | 4 | 1 | _uhttps://shs.cairn.info/revue-pcm-pour-construire-un-monde-durable-2020-3-page-1?lang=fr&redirect-ssocas=7080 |
| 999 |
_c1534846 _d1534846 |
||